Score 0/7 Timer 03:00
0 Plays Today
Question Answer Wrong Answers
This country singer releases the single 'Folsom Prison Blues'.
1955
Johnny Cash
92.8%
Willie Nelson
3.1%
Hank Williams
2.4%
Patsy Cline
1%
This man, known for being Emperor during the Great Fire of Rome in 64 AD, is born.
37
Nero
90.6%
Caligula
4.8%
Tiberius
2.8%
Hadrian
1.8%
This 'King of the Blues,' known for nicknaming his guitar 'Lucille,' is awarded the Presidential Medal of Freedom by President Bush.
2006
B.B. King
89.4%
Buddy Guy
1.9%
Robert Johnson
1.2%
Muddy Waters
5.9%
Million Dollar Baby, which was directed by this man and eventually won the Academy Award for Best Picture, is released.
2004
Clint Eastwood
87.8%
Martin Scorsese
6.3%
Danny Boyle
1.9%
Roman Polanski
2.6%
This team retires the #16 jersey in honor of 4-time Super Bowl winning quarterback Joe Montana.
1997
San Francisco 49ers
75.5%
Kansas City Chiefs
3.1%
Green Bay Packers
9.3%
Dallas Cowboys
11.1%
The Just Assassins, a play by this author of The Stranger, opens in Paris.
1949
Albert Camus
57.9%
J.M. Coetzee
2.7%
Jean-Paul Sartre
28.3%
Marcel Proust
10.8%
This woman is re-elected President of Chile.
2013
Michelle Bachelet
42.1%
Dilma Rousseff
22.1%
Ellen Johnson Sirleaf
7.6%
Corazon Aquino
26.6%
Remove Ads.
Support Sporcle.
Get the best of Sporcle when you Go Orange. This ad-free experience offers more features, more stats, and more fun while also helping to support Sporcle. Thank you for becoming a member.

You're not logged in!

Compare scores with friends on all Sporcle quizzes.
OR
Log In

Show Comments

Extras

Top Quizzes Today


Score Distribution

Your Account Isn't Verified!

In order to create a playlist on Sporcle, you need to verify the email address you used during registration. Go to your Sporcle Settings to finish the process.

Report this User

Report this user for behavior that violates our Community Guidelines.

Details: